00570nam a22001817a 450000500170000001000140001702000260003103500130005703700130007008200080008310000260009124501210011726000390023827000450027730000290032270000220035170000150037320100727102316.0 aENG-96834 a9789380599090c425.00 aEN-80367 bDBAD/PUB a570 aChaudhuri, Alok Ghosh aRudiments of biology :bMCO & short questions for WBJEE /cby Alok Ghosh Chaudhuri, Anuradha Goswami [and] Sujit Pal aKolkatabAcademic publishersc2010 a5A Bhawani Dutta Lane, e700073bKolkata aviii,872 p.c24 cm (pbk) aGoswami, Anuradha aPal, Sujit